00787 2200313 4500001002100000005001500021035002000036007000300056008004100059020002200100082000800122084001500130100002400145245006300169260004500232300003200277650002100309520003000330990001200360990001200372990001100384990001200395990001100407990001100418990001100429990001100440990001100451990001100462INLIS00000000000200720180525103136 a0010-0518000077ta180525 g 0 ind  a978-602-03-1066-4 a302 a302 AGN h0 aAGNI, S. Mayangsari1 aHearty Service :bService itu Disini /cAgni S. Mayangsari aJakarta :bGramedia Pustaka Utama,c2014 a218 hlm. :bilus. ;c21 cm. aPSIKOLOGI SOSIAL aBibliografi: hlm. 217-218 a16741 a a16741 b a16741b a16741 a a16741a a16741b a16741b a16741a a16741a a16741b